| 000 | 00928namaa22002177i 4500 | ||
|---|---|---|---|
| 001 | 174202 | ||
| 003 | ES-MaACL | ||
| 005 | 20251014063251.0 | ||
| 008 | 100303s1935 sp | |||| ||spa d | ||
| 080 | _a581.9(648 Ifni) | ||
| 100 | 1 |
_aCaballero y Segares, Arturo _933070 |
|
| 245 | 1 | 0 |
_aDatos botánicos del territorio de Ifni / _cpor Arturo Caballero. |
| 260 |
_aMadrid : _bJunta para Ampliación de Estudios e Investigaciones Científicas, _c1935. |
||
| 300 |
_a36 p., III h. de lám. ; _c23 cm. |
||
| 490 | 1 |
_aTrabajos del Museo Nacional de Ciencias Naturales y Jardín Botánico. Serie Botánica ; _v28 |
|
| 650 | 4 |
_aFlora- _zIfni. _9142307 |
|
| 710 | 2 |
_aJunta para la Ampliación de Estudios e Investigaciones Científicas. _95413 |
|
| 830 | 0 | 0 |
_aTrabajos del Museo Nacional de Ciencias Naturales y Jardín Botánico. _pSerie botánica _v28 _9189337 |
| 852 |
_aES-MaACL _jB-13142 |
||
| 999 |
_c174202 _d174202 |
||